[Event "Palle Skov Memorial - GM 2025"]
[Site "Hillerod"]
[Date "2025.02.14"]
[Round "8.5"]
[White "Hector, Jonny"]
[Black "Kistrup, Nicolai"]
[Result "1/2-1/2"]
[WhiteElo "2445"]
[BlackElo "2374"]
[WhiteFideId "1700090"]
[BlackFideId "1444816"]
[EventDate "2025.02.08"]
[EventType "tourn"]
[EventRounds "9"]
[EventCountry "DEN"]
[SourceTitle "Live v. Kasper Jerwiarz"]

1. d4 d5 2. Nc3 Nf6 3. Bg5 h6 4. Bxf6 exf6 5. e3 c6 6. Bd3 g6 7. Nge2 Nd7 8. g4 h5 9. gxh5 Rxh5 10. e4 dxe4 11. Bxe4 f5 12. Bg2 Nb6 13. Qd3 Bh6 14. d5 cxd5 15. Nxd5 Nxd5 16. Bxd5 Be6 17. Bxb7 Qxd3 18. cxd3 Rd8 19. h4 f4 20. Be4 Rc5 21. d4 Rc7 22. b3 Ke7 23. Rd1 Rcd7 24. Rd3 Kf6 25. f3 Ke7 26. Kf2 Rc7 27. Rc1 Rxc1 28. Nxc1 Bg7 29. Ne2 Bf6 30. Nxf4 Bxd4+ 31. Ke2 Bf6 32. Rxd8 Kxd8 33. Bxg6 Bxh4 34. Bd3 Bg5 35. Ng2 Ke7 36. f4 Bh6 37. Kf3 Bd7 38. Ne3 Bg7 39. Bc4 Ba1 40. Ke4 Bc6+ 41. Bd5 Bd7 42. Bb7 Kd6 43. Nc4+ Kc7 44. Bd5 f6 45. a4 Bc3 46. Kd3 Ba1 47. Ne3 Kd6 48. Be4 Be8 49. Kc4 Bd7 50. Kb4 Be6 51. f5 Bf7 52. Bd3 Bd4 53. Nc2 Bc5+ 54. Kc3 Ke5 55. b4 Bf2 56. b5 Bh5 57. Nb4 Kd6 58. Nc6 Bf3 59. Nd8 Be1+ 60. Kb3 Kd7 61. Ne6 Bd5+ 62. Bc4 Bxe6 63. fxe6+ Kd6 64. Kc2 Ba5 65. Kd3 Bb6 66. Ke4 Ba5 67. Kf5 Ke7 68. Bf1 Bb6 69. Bh3 Ba5 70. Ke4 Kd6 71. Kd4 Bb6+ 72. Kc4 Ba5 73. Bg4 Be1 74. e7 Kxe7 75. Kd5 Ba5 76. Kc6 Bb6 77. Kb7 Kd6 78. Ka6 Kc7 79. a5 Bc5 80. Bf5 Bd4 1/2-1/2

[Event "Palle Skov Memorial - GM 2025"]
[Site "Hillerod"]
[Date "2025.02.15"]
[Round "9.1"]
[White "Kistrup, Nicolai"]
[Black "Karacsonyi, Gellert"]
[Result "0-1"]
[WhiteElo "2374"]
[BlackElo "2368"]
[WhiteFideId "1444816"]
[BlackFideId "764620"]
[EventDate "2025.02.08"]
[EventType "tourn"]
[EventRounds "9"]
[EventCountry "DEN"]
[SourceTitle "Live v. Kasper Jerwiarz"]

1. Nf3 d5 2. g3 Nd7 3. d4 Nb6 4. a4 a5 5. b3 Bf5 6. Nh4 Bg4 7. h3 Bh5 8. Ba3 Nd7 9. Bg2 e6 10. Bxf8 Nxf8 11. Qd3 c6 12. e4 Nf6 13. Nd2 Ng6 14. Nhf3 dxe4 15. Nxe4 Nxe4 16. Qxe4 Ne7 17. Qe5 Qd5 18. c4 Qxe5+ 19. Nxe5 O-O-O 20. g4 Bg6 21. O-O-O f6 22. Nf3 Bf7 23. Ng1 Ng6 24. Ne2 e5 25. Be4 Rhe8 26. dxe5 Nxe5 27. Rxd8+ Kxd8 28. Ng3 Kc7 29. Kc2 Nd7 30. Kc3 Nc5 31. Bc2 Bg6 32. Rd1 Bxc2 33. Kxc2 g6 34. Kc3 f5 35. gxf5 gxf5 36. Rd4 Re1 37. Nxf5 Rb1 38. Rh4 Rxb3+ 39. Kc2 Rf3 40. Rxh7+ Kb6 41. Nd6 Rxf2+ 42. Kc1 Rf6 43. Nc8+ Ka6 44. h4 Nxa4 45. Rg7 Rf4 46. Nd6 Rd4 47. Nxb7 Rxc4+ 48. Kb1 Rxh4 49. Nd6 Nc3+ 50. Kb2 Nb5 51. Rg6 Rh2+ 52. Kb3 Rh3+ 53. Kb2 Nd4 54. Ne4 Kb6 55. Nc3 Kc5 56. Rg4 Rh2+ 57. Kb1 Nf3 58. Na4+ Kb5 59. Nc3+ Ka6 60. Rg6 Kb6 61. Rg8 Nd2+ 62. Kc1 Nb3+ 63. Kb1 Nc5 64. Rb8+ Ka7 65. Rg8 Rh4 66. Rg6 Kb7 67. Rg7+ Kb6 68. Rg8 Na4 69. Nxa4+ Rxa4 70. Kb2 Rh4 71. Kb3 Kb5 72. Rb8+ Kc5 73. Rg8 Rb4+ 74. Ka3 Rb1 75. Rg5+ Kb6 76. Rg8 Rb4 77. Rh8 Kb5 78. Rg8 c5 79. Rh8 Rg4 80. Kb3 Rg3+ 81. Kb2 a4 82. Rh7 Rb3+ 83. Ka2 Kb4 84. Rh8 Rg3 85. Rb8+ Kc3 86. Ka3 Rg1 87. Ka2 c4 88. Rh8 Re1 89. Rc8 Re4 90. Rh8 Kd2 91. Rd8+ Kc2 92. Rh8 c3 93. Rc8 Kd2 94. Rd8+ Kc1 95. Rh8 c2 96. Rd8 Re1 0-1

[Event "Palle Skov Memorial - GM 2025"]
[Site "Hillerod"]
[Date "2025.02.15"]
[Round "9.2"]
[White "Gumularz, Szymon"]
[Black "Seo, Jung Min"]
[Result "1/2-1/2"]
[WhiteElo "2592"]
[BlackElo "2495"]
[WhiteFideId "1188062"]
[BlackFideId "1734687"]
[EventDate "2025.02.08"]
[EventType "tourn"]
[EventRounds "9"]
[EventCountry "DEN"]
[SourceTitle "Live v. Kasper Jerwiarz"]

1. d4 Nf6 2. c4 e6 3. Nc3 Bb4 4. e3 O-O 5. Nf3 b6 6. Bd3 Bb7 7. O-O Bxc3 8. bxc3 Be4 9. Be2 Bb7 10. Bd3 Be4 11. Be2 Bb7 1/2-1/2

[Event "Palle Skov Memorial - GM 2025"]
[Site "Hillerod"]
[Date "2025.02.15"]
[Round "9.3"]
[White "Haubro, Martin"]
[Black "Olsen, Filip Boe"]
[Result "0-1"]
[WhiteElo "2381"]
[BlackElo "2472"]
[WhiteFideId "1414291"]
[BlackFideId "1440640"]
[EventDate "2025.02.08"]
[EventType "tourn"]
[EventRounds "9"]
[EventCountry "DEN"]
[SourceTitle "Live v. Kasper Jerwiarz"]

1. e4 c6 2. d4 d5 3. e5 Bf5 4. Nf3 e6 5. Be2 c5 6. Be3 Nd7 7. O-O Ne7 8. dxc5 Nc6 9. c4 dxc4 10. Na3 Bxc5 11. Bxc5 Nxc5 12. Nxc4 O-O 13. Nd6 Qb6 14. Bb5 Be4 15. Bxc6 Bxc6 16. Qd4 Ne4 17. Nxe4 Qxd4 18. Nxd4 Bxe4 19. Nb5 Bd3 20. Nc7 Bxf1 21. Nxa8 Bc4 22. b3 Bxb3 23. axb3 Rxa8 24. f4 a5 25. Kf2 h6 26. Ke3 g5 27. fxg5 hxg5 28. g3 Kg7 29. Ke4 Kg6 30. Ra2 b5 31. Kd4 a4 32. Ra3 g4 33. Kc5 axb3 34. Rxb3 Rd8 35. Rb4 Rd5+ 36. Kc6 Kg5 37. Rf4 Rxe5 38. Rxf7 b4 39. Rf4 b3 40. Rb4 Re2 41. Rxb3 Kf5 42. Rb8 e5 43. Rf8+ Ke4 44. Rg8 Kf3 45. Rf8+ Kg2 46. Rg8 Re4 47. Rh8 Ra4 48. Rh4 Kf3 49. Kb5 Ra1 50. Rh5 e4 51. Kc4 e3 52. Rf5+ Kg2 53. Kd3 Ra3+ 54. Ke2 Kxh2 55. Rf8 Kxg3 56. Rg8 Kh3 57. Rh8+ Kg2 58. Rg8 g3 59. Rg7 Kh2 60. Rg8 Ra2+ 61. Ke1 g2 62. Rh8+ Kg3 63. Rg8+ Kf4 0-1

[Event "Palle Skov Memorial - GM 2025"]
[Site "Hillerod"]
[Date "2025.02.15"]
[Round "9.4"]
[White "Song, Yuxin"]
[Black "Kaasen, Tor Fredrik"]
[Result "1/2-1/2"]
[WhiteElo "2381"]
[BlackElo "2472"]
[WhiteFideId "8614300"]
[BlackFideId "1516647"]
[EventDate "2025.02.08"]
[EventType "tourn"]
[EventRounds "9"]
[EventCountry "DEN"]
[SourceTitle "Live v. Kasper Jerwiarz"]

1. e4 e5 2. Nf3 Nc6 3. Bb5 a6 4. Ba4 Nf6 5. O-O d6 6. Re1 Bd7 7. Bxc6 Bxc6 8. d4 Be7 9. Nc3 exd4 10. Nxd4 Bd7 11. Qf3 O-O 12. Bf4 b5 13. e5 dxe5 14. Bxe5 b4 15. Nd5 Nxd5 16. Qxd5 c5 17. Nc6 Bxc6 18. Qxc6 Re8 19. Bc7 Qc8 20. Rad1 Bf8 21. Rxe8 Qxe8 22. Qxe8 Rxe8 23. Kf1 f6 24. b3 Kf7 25. c4 bxc3 26. Ba5 c4 27. bxc4 Rc8 28. Bxc3 Rxc4 29. Rd3 Ra4 30. Rd2 Rc4 1/2-1/2

[Event "Palle Skov Memorial - GM 2025"]
[Site "Hillerod"]
[Date "2025.02.15"]
[Round "9.5"]
[White "Sriram, Jha"]
[Black "Hector, Jonny"]
[Result "1-0"]
[WhiteElo "2322"]
[BlackElo "2445"]
[WhiteFideId "5001668"]
[BlackFideId "1700090"]
[EventDate "2025.02.08"]
[EventType "tourn"]
[EventRounds "9"]
[EventCountry "DEN"]
[SourceTitle "Live v. Kasper Jerwiarz"]

1. d4 d5 2. c4 c6 3. Nf3 Nf6 4. e3 Bf5 5. Nc3 e6 6. Nh4 Be7 7. Nxf5 exf5 8. Qb3 Qd7 9. g3 O-O 10. Bg2 dxc4 11. Qxc4 a5 12. O-O Rd8 13. Rd1 b5 14. Qe2 b4 15. Na4 Qe6 16. Qc2 Nd5 17. Bd2 Nd7 18. Rac1 Rac8 19. Qb3 h5 20. Re1 Qd6 21. Nc5 Nxc5 22. Rxc5 Qc7 23. Rc2 Qa7 24. Rec1 Qa8 25. Rc4 Bf6 26. Qc2 Ne7 27. Qa4 h4 28. Rc5 hxg3 29. hxg3 Qb7 30. Rxa5 b3 31. Qxb3 Qxb3 32. axb3 Rb8 33. b4 Rb6 34. Rac5 Rd6 35. Ra1 g5 36. f4 gxf4 37. gxf4 Bh4 38. Kf1 Kg7 39. Ke2 Rg6 40. Bf3 Rg3 41. Rh1 Bf6 42. Rhc1 Rb8 43. Bxc6 Rh8 44. Kd3 Rh2 45. Rh1 Bxd4 46. Rxh2 Bxc5 47. bxc5 Nxc6 48. b4 Rg1 49. b5 Na7 50. Bc3+ f6 1-0